000 00361nam a22001337a 4500
999 _c8434
_d8434
008 200130b ||||| |||| 00| 0 eng d
020 _a9789352833986
082 _a004.151 KUC
100 _aSENGAR,Santosh Kumar
245 _aComputer Based Numerical and Statistical Techniques
250 _a4th
260 _aNEW DELHI
_bS. Chand Publishing
_c2019